000
00200 a2200109 4500
020
_a
9788497542388
041
_a
spa
100
_a
Etta Kaner
245
_a
Ciencia Sonora
942
_c
BK
952
_7
1
999
_c
23224
_d
23224